Countries Producing the most Coconut - Statistics

General Stats
  • This quiz has been taken 40 times
  • The average score is 16 of 25
Answer Stats
tons Country % Correct
2,890,286 Brazil
94%
11,930,000 India
94%
18,300,000 Indonesia
89%
1,064,400 Mexico
86%
1,010,000 Thailand
83%
254,620 China
77%
1,303,826 Vietnam
77%
646,932 Malaysia
74%
15,353,200 Philippines
74%
1,200,000 Papua New Guinea
69%
425,000 Myanmar
66%
2,513,000 Sri Lanka
63%
263,867 Venezuela
60%
265,000 Nigeria
57%
225,000 Fiji
54%
310,000 Jamaica
54%
366,183 Ghana
49%
190,000 Samoa
49%
410,000 Solomon Islands
49%
410,000 Vanuatu
46%
170,000 Kiribati
43%
530,000 Tanzania
43%
286,934 Dominican Republic
37%
260,000 Mozambique
37%
195,000 Cote d'Ivoire
31%
No matching quizzes found
Score Distribution
Percent of People with Each Score
Percentile by Number Answered
Your Score History
You have not taken this quiz